Aktuárske analýzy v životnej poisťovni

Saved in:
Bibliographic Details
Main Author: Sakálová, Katarína, 1955-
Other Authors: Mojžišová, Elena
Format: Book Chapter
Language:Slovak
Tags: Add Tag
No Tags, Be the first to tag this record!

MARC

LEADER 00000naa$a2200000$$$4500
001 0094749
005 20240502072044.0
041 0 |a slo 
044 |a SK 
245 1 0 |a Aktuárske analýzy v životnej poisťovni  |c Katarína Sakálová, Elena Mojžišová 
100 1 |a Sakálová, Katarína, 1955- 
700 1 |a Mojžišová, Elena